| 000 | 00374nam a2200157Ia 4500 | ||
|---|---|---|---|
| 008 | 221030s9999 xx 000 0 und d | ||
| 020 | _a0070681811 | ||
| 041 | _aEnglish | ||
| 100 | _aK. L. Kumar | ||
| 245 | 0 |
_aEngineering Mechanics _cby K. L. Kumar, V. Kumar |
|
| 260 |
_bTMH _aNew Delhi _c2013 |
||
| 300 | _a675 | ||
| 650 | _aCivil | ||
| 700 | _aV. Kumar | ||
| 942 | _cBK | ||
| 999 |
_c14989 _d14989 |
||